| 000 | 00355nam a22001457a 4500 | ||
|---|---|---|---|
| 003 | SGT | ||
| 020 | _a9781455770793 | ||
| 082 |
_a617.632 _bP13J |
||
| 100 | _aJoel H. Berg | ||
| 245 | _aPediatric Dentistry | ||
| 260 |
_aPhiladelphia, United States _b Health Sciences Division _c2013 |
||
| 300 | _a1-180 | ||
| 650 | _aPediatric Dentistry | ||
| 942 |
_2ddc _cBK |
||
| 999 |
_c18096 _d18096 |
||